Τα τουρκικής προέλευσης ελληνικά επώνυμα

Αποθηκεύτηκε σε:
Λεπτομέρειες βιβλιογραφικής εγγραφής
Κύριος συγγραφέας: Τζέμος, Γιάννης
Μορφή: Βιβλίο
Γλώσσα:Greek
Δημοσίευση: Θεσσαλονίκη : Κεσόπουλος, 2003
Θέματα:
Ετικέτες: Προσθήκη ετικέτας
Δεν υπάρχουν, Καταχωρήστε ετικέτα πρώτοι!

MARC

LEADER 00000nam a2200000 i 4500
001 1/25595
008 060303s2003 gre d
020 |a 960-8060-24-9 
035 |l 10082951 
040 |a GR-MY-UA  |b gre  |e aacr 
041 0 |a gre 
082 0 |a 929.42  |2 (22) 
100 1 |a Τζέμος, Γιάννης. 
245 1 3 |a Τα τουρκικής προέλευσης ελληνικά επώνυμα /  |c Γιάννης Τζέμος 
260 |a Θεσσαλονίκη :   |b Κεσόπουλος,   |c 2003 
300 |a 256 σ.;  |c 25 εκ. 
504 |a Βιβλιογραφία: σ.255-256 
650 0 0 |a Greek language, Modern  |x Foreign elements  |x Turkish. 
650 0 0 |a Names, Personal  |z Greece. 
650 0 0 |a Epithets. 
852 |a INST  |b SAMOS  |e 20060303  |h 929.42 ΤΖΕ  |p 005300024643  |q 005300024643  |t BK  |y 0 
901 |a BIBL3-2006-1 
909 |a Σ  |b 124797 
922 |a 3ΕΛΗ  |b 200601  |c ΜΕΤΑΠΤΥΧΙΑΚΟ/ΜΑΘΗΜΑΤΙΚΟ  |d ΜΙΧΑΛΟΠΟΥΛΟΣ 
970 |a ΚΟΣΙΕΡΗΣ  |b ΧΡΗΣΤΟΣ  |z 2006/03/03